Państwa najbliżej Litwy - jednominutowy sprint - Statystyki

Ogólne statystyki
  • Ten quiz został rozwiązany 127 razy
  • Średni wynik to 16 z 20
Statystyki odpowiedzi
km Państwo % Poprawnych
0 Polska
100%
157 Estonia
99%
0 Łotwa
99%
0 Rosja
99%
460 Niemcy
98%
193 Szwecja
97%
0 Białoruś
95%
387 Finlandia
95%
521 Słowacja
89%
223 Ukraina
89%
563 Czechy
87%
648 Norwegia
87%
370 Dania
76%
615 Węgry
74%
742 Austria
65%
632 Mołdawia
63%
645 Rumunia
59%
939 Słowenia
44%
924 Holandia
38%
899 Serbia
37%
Nie znaleziono quizów pasujących do podanych kryteriów
Rozkład punktacji
Procent ludzi z każdym wynikiem
Percentyl według liczby udzielonych odpowiedzi
Twoja historia wyników
Nie rozwiązałeś tego quizu